Circuito magnético
Gespeichert in:
| 1. Verfasser: | |
|---|---|
| Format: | Buch |
| Sprache: | Spanisch |
| Veröffentlicht: |
Madrid
Dossat
1971
|
| Schriftenreihe: | Enseñanza Programada
|
| Schlagworte: | |
| Tags: |
Tag hinzufügen
Keine Tags, Fügen Sie den ersten Tag hinzu!
|
MARC
| LEADER | 00000nam a2200000 a 4500 | ||
|---|---|---|---|
| 001 | UCU5055 | ||
| 003 | CL-VaPUC | ||
| 008 | 960531e19710000SP |||||||||||||||||spa|d | ||
| 082 | 0 | 4 | |a 621.319 |b RIE |2 21 |
| 100 | 0 | |a Rieger, Heinz |e author |9 362914 | |
| 245 | 1 | 0 | |a Circuito magnético |
| 300 | |a 71 p | ||
| 942 | |c BK | ||
| 945 | |d 19960531 00:00:00 |a cmena | ||
| 260 | |a Madrid |b Dossat |c 1971 | ||
| 650 | 0 | |a Circuitos eléctricos |9 260262 | |
| 650 | 0 | |a Electromagnetismo |9 260123 | |
| 650 | 0 | |a Corrientes eléctricas |9 354960 | |
| 650 | 0 | |a Propiedades eléctricas |9 271909 | |
| 583 | |a last modification |c 19960531 00:00:00 |k Rodrigo Vera | ||
| 490 | 0 | |a Enseñanza Programada | |
| 999 | |c 248562 |d 248560 | ||
| 952 | |0 0 |1 0 |4 0 |6 621_319000000000000_RIE_1971 |7 0 |8 A |9 265261 |a BIBING |b BIBING |d 2019-11-19 |i 1668773 |o 621.319 RIE 1971 |p 1668773 |r 2025-01-20 |w 2019-11-19 |y BK |k EIE | ||